000 02113nam a2200337 i 4500
001 196132
003 ES-MaACL
005 20250806063150.0
008 240813e2023 sp ||||| |||| 00| 0 spa d
017 _aVA 908-2023
_bOficina Depósito Legal Valladolid
020 _a9788412760019
040 _bspa
_cES-MaACL
080 _a821.134.2-31"20"
100 1 _aCodina Rodríguez, Fernando
_eaut
_9238631
245 1 3 _aUn vampiro en la historia :
_b(1840-2022) /
_cFernando Codina Rodríguez.
250 _aPrimera edición: diciembre 2023
260 _aValladolid :
_bEditorial Suseya,
_c2023.
300 _a404 páginas ;
_c21 cm
336 _2rdacontent
_atexto
337 _2rdamedia
_asin mediación
338 _2rdacarrier
_avolumen
520 _aJulián Mesías es un antiguo periodista, reconvertido en investigador de élite de una empresa farmacéutica americana. Su vida es de lo más normal, hasta que un día decide involucrarse en una pequeña antología colectiva sobre el mundo de los vampiros. Como no le apetece quedarse limitado a lo que hacen todos los demás escritores, decide que va a localizar a un auténtico vampiro, para entrevistarle. Esta no es una novela de vampiros al uso, tanto por sus protagonistas el Príncipe Máximo, Julián Mesías, su confidente, la bella y peligrosa Myriam, o la dulce Beatrice, como por la trama temporal o la forma de escribirla, a través de una serie de entrevistas en el corazón de la noche madrileña. Porque la ciudad también es una protagonista secundaria, tanto de día como de noche, y por ella se mueven los protagonistas. Al mismo tiempo, permite asomarse a un mundo desconocido, el de los vampiros, de una manera poco habitual.
655 0 _aNovelas
_9234319
852 _aES-MaACL
_cDEPOJ
_jN-10111
_xEncuadernación rústica
_hDonación: Fernando Codina Rodríguez
_9206230
903 _aCodina Rodríguez, Fernando
_ednr
_9238631
942 _cMONOGRAFIA
_n0
999 _c196132
_d196132